000 01102nam a22003257a 4500
001 BR8201144
003 BR-BrBNA
005 20230928091241.0
007 ta
008 230509b bl.||||| |||| 00| 0 por d
040 _aBR-BrBNA
_bpor
_cBiblioteca Nacional de Agricultura
041 _a(Por)
072 _aF00; F60
_b0180
_b3575
090 _ 0180 BR8201144
100 1 _aSchuch, L.O.B.
110 1 _aUniversidade Federal do Rio Grande do Sul, Porto Alegre (Brasil). Faculdade de Agronomia
_0Tese (Mestre em Agronomia)
245 1 _aEfeito do vigor das sementes sobre emergencia no campo e desempenho de plantas de trigo (Triticum aestivum L.)
246 1 _aEffect of seed vigor on emergence and field performance of wheat (Triticum aestivum L.)
260 3 _aPorto Alegre, RS (Brasil):
_c1981.
300 _a94 p.
500 _a16 tables; 50 ref.; Summaries (Eng, Por)
650 _aTRIGO
650 _aSEMENTE
650 _aTESTE DE VIGOR
650 _aEMERGENCIA
650 _aTESTE DE PROGENIE
650 _aRENDIMENTO
909 _a202309
_bLucia
_c55
_dLucia Elande
942 _cBK
999 _c33042
_d33042